Lord of the Rings | When did this happen? #2 - Statistics

General Stats
  • This quiz has been taken 11 times
  • The average score is 12 of 17
Answer Stats
Question Answer % Correct
When did Gandalf and Pippin reach Minas Tirith? 9th March
91%
When did Glorfindel find the hobbits and Aragorn? 18th October
82%
When did the Company of the Ring leave Rivendell? 25th December
82%
When was Frodo captured by the Orcs of Cirith Ungol? 13th March
73%
When did the hobbits come to Tom Bombadil? 26th September
73%
When were the hobbits captured by a barrow-wight? 28th September
73%
When did Gandalf heal Theoden? 2nd March
73%
When was the parley with Saruman in Orthanc? 5th March
73%
When was Frodo and Sam taken by Faramir to Hennuth Annun? 7th March
73%
When did the Company of the Ring reach Moria? 13th January
64%
When did Frodo and Sam cast away their arms and gear? 23rd March
64%
When did Gandalf tame Shadowfax? 23rd September
64%
When did Gandalf defeat the Balrog? 25th January
64%
When did Pippin and Merry meet Treebeard? 29th February
64%
When was Gandalf attacked on weathertop? 3rd October
64%
When did Gollum nearly repent after seeing Frodo asleep? 11th March
55%
When did Gwaihir rescue Gandalf from Orthanc? 18th September
55%
No matching quizzes found
Score Distribution
Percent of People with Each Score
Percentile by Number Answered
Your Score History
You have not taken this quiz